Colección de las alegaciones fiscales del Excmo. Señor Conde de Campomanes / (Record no. 163745)

MARC details
000 -LEADER
campo de control de longitud fija 00776nam a2200193 i 4500
001 - NÚMERO DE CONTROL
campo de control 163745
003 - IDENTIFICADOR DE NÚMERO DE CONTROL
campo de control ES-MaACL
005 - FECHA Y HORA DE LA ÚLTIMA TRANSACCIÓN
campo de control 20251012063056.0
008 - DATOS DE LONGITUD FIJA--INFORMACIÓN GENERAL
campo de control de longitud fija 931025m18411843sp |||| | spa d
040 ## - FUENTE DE CATALOGACIÓN
Centro catalogador/agencia de origen AS
Lengua de catalogación spa
Centro/agencia transcriptor AS
100 1# - ENTRADA PRINCIPAL--NOMBRE DE PERSONA
Nombre de persona Rodríguez Campomanes, Pedro,
Fechas asociadas al nombre 1723-1803
9 (RLIN) 98399
245 10 - MENCIÓN DEL TÍTULO
Título Colección de las alegaciones fiscales del Excmo. Señor Conde de Campomanes /
Mención de responsabilidad, etc. publícala con autorización de la Regencia del Reino José Alonso.
260 ## - PUBLICACIÓN, DISTRIBUCIÓN, ETC.
Lugar de publicación, distribución, etc. Madrid :
Nombre del editor, distribuidor, etc. [s.n.],
Fecha de publicación, distribución, etc. 1841-1843 (
Fabricante Imprenta de Repullés)
300 ## - DESCRIPCIÓN FÍSICA
Extensión 4 v. (450 ; 438, III ; 504 ; 420 p.) ;
Dimensiones 22 cm.
596 #1 - NOTA AL PIE DE IMPRENTA
NOTA AL PIE DE IMPRENTA Los v. III-IV impresos en "imprenta y librería de Boix"
700 0# - ENTRADA AGREGADA--NOMBRE PERSONAL
Nombre de persona Alonso, José.
9 (RLIN) 20212
852 ## - LOCALIZACIÓN
Ubicación ES-MaACL
Número de control de estantería G-447-50
Nota libre -- Enc. hol.
Holdings
Estatus retirado Estado de pérdida Estado de daño No para préstamo Colección Biblioteca de origen Biblioteca actual Ubicación en estantería Fecha de adquisición Total de préstamos Signatura topográfica completa Código de barras Visto por última vez Precio de reemplazo Tipo de ítem Koha
        Libros del s. XIX Biblioteca del Ateneo de Madrid Biblioteca del Ateneo de Madrid Depósito 2 17/01/2008   G-447-50 1171599 23/02/2023 23/02/2023 Libro impreso antiguo